Statistiques concernant États américains ou pays européens par population

Cliquez ici pour prendre le quiz!

Statistiques générales

  • Ce quiz a été pris 98 fois
  • Le résultat moyen est 19 sur 25

Statistiques - réponses

PopulationÉtat / Pays% Correct
64.7 mFrance
99%
83.4 mAllemagne
98%
39.9 mPologne
97%
111 mRussie
97%
59.0 mItalie
96%
67.8 mRoyaume-Uni
96%
47.6 mEspagne
94%
19.7 mNew York
92%
39.0 mCalifornie
88%
10.3 mPortugal
88%
30.0 mTexas
88%
22.2 mFloride
85%
39.7 mUkraine
85%
11.7 mBelgique
83%
10.4 mGrèce
80%
17.7 mPays-Bas
77%
10.5 mSuède
76%
19.7 mRoumanie
73%
10.5 mRépublique Tchèque
58%
12.6 mIllinois
54%
11.8 mOhio
54%
10.0 mMichigan
51%
13.0 mPennsylvanie
51%
10.6 mCaroline du Nord
45%
10.9 mGéorgie
45%

Distribution des résultats

Percentile par nombre de réponses

% des personnes avec chaque résultat

Votre développement - résultats

Vous n’avez pas pris ce quiz